000 00758nam a2200229 a 4500
001 C01467473c-2
003 CO-ViMGA
005 20230915233134.0
008 141219s2014 ck gr 00010dspa d
020 _a9789588821115
040 _aCO-ViMGA
_bspa
_cCO-ViMGA
082 0 4 _a174.4
_bS18e
_219
100 1 _aSavater, Fernando,
_d1947-
_93546
245 1 0 _aÉtica para la empresa /
_cFernando Savater.
250 _a Edicion especial para El Ministerio de Cultura, Biblioteca Nacional de Colombia
260 _aBogotá :
_bPenguin Random House Grupo Editorial :
_bConecta,
_c2014.
300 _a152 páginas ;
_c18 cm.
650 1 4 _aEtica.
_9474
650 1 4 _aCultura corporativa.
_93548
650 1 4 _aEtica de los negocios.
_93547
942 _2ddc
_cBK
999 _c4094
_d4094